000 00540nam a2200157 i 4500
001 47007
003 ES-MaACL
007 t|
008 030402s1961 sp ||||1| spa d
245 0 0 _aContestaciones completas al programa de Asistencia Pública Domiciliaria
_b: . Medicina /
_cpor Albasanz Gallan ... [et al.] ; prólogo de V. Matilla.
260 _aMadrid :
_b[s.n.,
_c1961]
300 _a568 p. ;
_c22 cm.
700 1 _aAlbasanz Gallan, Fernando.
_919249
700 1 _aMatilla, Valentín.
_979075
852 _aES-MaACL
_jE-4102
_bR.53469
999 _c47007
_d47007